000 00472nam a2200193Ia 4500
005 20240823033757.0
008 240823s9999||||xx |||||||||||||| ||und||
020 _a81-7587-090-7
041 _aURUDU
082 _A891.4391 N8
100 _aShamsur Rahman Faruqi
245 0 _aSher Ghair Sher Aur Nasr
250 _a1st
260 _c1998
_bNational Council for Promotion of Urdu Lan
500 _aYES
650 _aUrdu
_bGeneral
942 _cBK
999 _c196627
_d196627